Sports Quiz

Random Sports or Tennis Quiz

Olympic Medalists in Tennis Quiz Stats

 Plays Quiz not verified by Sporcle

Also try: ESPY Winners
Challenge
Share
Tweet
Embed
Score 0/110 Timer 12:00
0 Plays Today
Olympic Games and Event Player % Correct
Rio 2016 (Mixed Doubles)Venus Williams and Rajeev Ram
95%
Rio 2016 (Men's Doubles)Marc López and Rafael Nadal
94.5%
London 2012 (Men's Singles)Roger Federer
94.4%
London 2012 (Women's Doubles)Serena and Venus Williams
94.3%
London 2012 (Women's Singles)Serena Williams
94.1%
Beijng 2008 (Men's Doubles)Roger Federer and Stanislas Wawrinka
93.6%
Rio 2016 (Men's Singles)Andy Murray
93%
Beijng 2008 (Men's Singles)Rafael Nadal
92.1%
London 2012 (Mixed Doubles)Andy Murray and Laura Robson
92.1%
London 2012 (Men's Singles)Andy Murray
91.8%
Sydney 2000 (Women's Doubles)Venus and Serena Williams
90.3%
Beijing 2008 (Women's Doubles)Serena and Venus Williams
90.3%
Sydney 2000 (Women's Singles)Venus Williams
90.2%
Atlanta 1996 (Men's Singles)Andre Agassi
84.1%
Rio 2016 (Men's Singles)Juan Martín del Potro
83.6%
London 2012 (Women's Singles)Maria Sharapova
81.5%
Seoul 1988 (Women's Doubles)Steffi Graf and Claudia Kohde-Kilsch
79.5%
Seoul 1988 (Women's Singles)Steffi Graf
79.4%
Barcelona 1992 (Women's Singles)Steffi Graf
79.4%
London 2012 (Men's Singles)Juan Martín del Potro
77.2%
London 2012 (Mixed Doubles)Mike Bryan and Lisa Raymond
74.6%
Beijng 2008 (Men's Singles)Novak Djoković
74.4%
London 2012 (Men's Doubles)Bob and Mike Bryan
74.2%
Rio 2016 (Men's Singles)Kei Nishikori
73.8%
London 2012 (Mixed Doubles)Victoria Azarenka and Max Mirnyi
73.3%
Rio 2016 (Women's Doubles)Timea Bacsinszky and Martina Hingis
72.6%
London 2012 (Women's Singles)Victoria Azarenka
72.2%
Rio 2016 (Women's Singles)Angelique Kerber
70.9%
Rio 2016 (Women's Singles)Mónica Puig
64.6%
Rio 2016 (Women's Singles)Petra Kvitová
62.6%
Athens 2004 (Women's Singles)Justine Henin-Hardenne
62.5%
London 2012 (Men's Doubles)Michaël Llodra and Jo-Wilfried Tsonga
62.4%
Barcelona 1992 (Men's Doubles)Boris Becker and Michael Stich
62.3%
Beijng 2008 (Men's Doubles)Bob and Mike Bryan
62.2%
Rio 2016 (Mixed Doubles)Bethanie Mattek-Sands and Jack Sock
60%
Rio 2016 (Men's Doubles)Steve Johnson and Jack Sock
59.3%
Barcelona 1992 (Women's Doubles)Conchita Martínez and Arantxa Sánchez Vicario
56.6%
Olympic Games and Event Player % Correct
Atlanta 1996 (Women's Doubles)Conchita Martínez and Arantxa Sánchez Vicario
56.6%
Atlanta 1996 (Women's Singles)Lindsay Davenport
56.4%
London 2012 (Men's Doubles)Julien Benneteau and Richard Gasquet
55.3%
Sydney 2000 (Women's Singles)Monica Seles
54.8%
Barcelona 1992 (Women's Singles)Arantxa Sánchez Vicario
54.7%
Atlanta 1996 (Women's Singles)Arantxa Sánchez Vicario
54.7%
Athens 2004 (Men's Doubles)Fernando González and Nicolás Massú
51.5%
Seoul 1988 (Men's Doubles)Stefan Edberg and Anders Järryd
50.9%
Barcelona 1992 (Women's Singles)Jennifer Capriati
50.9%
Seoul 1988 (Men's Singles) Stefan Edberg
50.5%
Athens 2004 (Men's Singles)Fernando González
50.4%
Beijng 2008 (Men's Singles)Fernando González
50.4%
Seoul 1988 (Men's Doubles)Emilio Sánchez and Sergio Casal
47.9%
Rio 2016 (Women's Doubles)Lucie Šafářová and Barbora Strýcová
47.7%
Athens 2004 (Women's Doubles)Li Ting and Sun Tiantian
46.9%
Rio 2016 (Women's Doubles)Ekaterina Makarova and Elena Vesnina
46%
Sydney 2000 (Men's Singles)Yevgeny Kafelnikov
46%
Athens 2004 (Women's Singles)Amélie Mauresmo
44.9%
Beijing 2008 (Women's Singles)Dinara Safina
42.8%
Rio 2016 (Mixed Doubles)Lucie Hradecká and Radek Štěpánek
42.4%
Sydney 2000 (Men's Singles)Tommy Haas
41.4%
Atlanta 1996 (Men's Doubles)Neil Broad and Tim Henman
41.2%
Sydney 2000 (Women's Singles)Elena Dementieva
40.7%
Beijing 2008 (Women's Singles)Elena Dementieva
40.7%
Barcelona 1992 (Men's Doubles)Goran Ivanišević and Goran Prpić
40.6%
Barcelona 1992 (Men's Singles)Goran Ivanišević
40.5%
Seoul 1988 (Women's Singles)Gabriela Sabatini
40.4%
Athens 2004 (Men's Singles)Mardy Fish
39.5%
Athens 2004 (Men's Singles)Nicolás Massú
39%
London 2012 (Women's Doubles)Maria Kirilenko and Nadia Petrova
38.9%
Athens 2004 (Women's Doubles)Conchita Martínez and Virginia Ruano Pascual
36.9%
Atlanta 1996 (Men's Singles)Leander Paes
35.2%
Atlanta 1996 (Men's Doubles)Todd Woodbridge and Mark Woodforde
35.1%
Sydney 2000 (Men's Doubles)Todd Woodbridge and Mark Woodforde
35.1%
Rio 2016 (Men's Doubles)Florin Mergea and Horia Tecău
35%
Seoul 1988 (Women's Doubles)Jana Novotná and Helena Suková
32.6%
Atlanta 1996 (Women's Doubles)Jana Novotná and Helena Suková
32.6%
Olympic Games and Event Player % Correct
Atlanta 1996 (Women's Singles)Jana Novotná
30.9%
London 2012 (Women's Doubles)Andrea Hlaváčková and Lucie Hradecká
30%
Sydney 2000 (Men's Doubles)Sébastien Lareau and Daniel Nestor
28%
Athens 2004 (Men's Doubles)Mario Ančić and Ivan Ljubičić
27.4%
Barcelona 1992 (Men's Singles)Marc Rosset
27.3%
Barcelona 1992 (Women's Doubles)Gigi Fernández and Mary Joe Fernández
26.9%
Atlanta 1996 (Women's Doubles)Gigi Fernández and Mary Joe Fernández
26.9%
Barcelona 1992 (Women's Singles)Mary Joe Fernandez
26.9%
Beijing 2008 (Women's Singles)Vera Zvonareva
26.2%
Atlanta 1996 (Men's Singles)Sergi Bruguera
25.6%
Athens 2004 (Men's Doubles)Nicolas Kiefer and Rainer Schüttler
25.5%
Sydney 2000 (Men's Doubles)Àlex Corretja and Albert Costa
25.4%
Beijing 2008 (Women's Doubles)Yan Zi and Zheng Jie
25.3%
Beijng 2008 (Men's Doubles)Simon Aspelin and Thomas Johansson
24.6%
Seoul 1988 (Women's Doubles)Pam Shriver and Zina Garrison
24.6%
Seoul 1988 (Men's Doubles)Miloslav Mečíř and Milan Šrejber
24.6%
Seoul 1988 (Men's Singles) Miloslav Mečíř
24.6%
Barcelona 1992 (Men's Doubles)Wayne Ferreira and Piet Norval
22.6%
Seoul 1988 (Women's Singles)Manuela Maleeva
20.7%
Seoul 1988 (Women's Singles)Zina Garrison
20.5%
Athens 2004 (Women's Singles)Alicia Molik
18.2%
Beijing 2008 (Women's Doubles)Anabel Medina Garrigues and Virginia Ruano Pascual
17.8%
Athens 2004 (Women's Doubles)Paola Suárez and Patricia Tarabini
17.2%
Seoul 1988 (Men's Singles) Brad Gilbert
16.4%
Sydney 2000 (Men's Singles)Arnaud Di Pasquale
14.3%
Seoul 1988 (Men's Singles) Tim Mayotte
13.5%
Barcelona 1992 (Women's Doubles)Leila Meskhi and Natasha Zvereva
12.2%
Sydney 2000 (Women's Doubles)Els Callens and Dominique van Roost
11.5%
Barcelona 1992 (Men's Singles)Jordi Arrese
10.6%
Seoul 1988 (Men's Doubles)Ken Flach and Robert Seguso
10.5%
Barcelona 1992 (Men's Singles)Andrei Cherkasov
9.7%
Seoul 1988 (Women's Doubles)Elizabeth Smylie and Wendy Turnbull
8.9%
Sydney 2000 (Women's Doubles)Kristie Boogert and Miriam Oremans
8.3%
Atlanta 1996 (Men's Doubles)Marc-Kevin Goellner and David Prinosil
6.7%
Barcelona 1992 (Women's Doubles)Nicole Bradtke and Rachel McQuillan
5.2%
Barcelona 1992 (Men's Doubles)Javier Frana and Christian Miniussi
4.9%

You're not logged in!

Compare scores with friends on all Sporcle quizzes.
OR
Log In

You Might Also Like...

Show Comments

Extras

Top Quizzes Today


Score Distribution

Your Account Isn't Verified!

In order to create a playlist on Sporcle, you need to verify the email address you used during registration. Go to your Sporcle Settings to finish the process.

Report this User

Report this user for behavior that violates our Community Guidelines.

Details: